Handbook of superconducting materials,V1. / (Record no. 11700)

MARC details
000 -LEADER
fixed length control field 01661cam a22003494a 4500
001 - CONTROL NUMBER
control field 15118287
005 - DATE AND TIME OF LATEST TRANSACTION
control field 20080130135310.0
008 - FIXED-LENGTH DATA ELEMENTS--GENERAL INFORMATION
fixed length control field 071219s2003 enka bf 001 0 eng
010 ## - LIBRARY OF CONGRESS CONTROL NUMBER
LC control number 2007530824
020 ## - INTERNATIONAL STANDARD BOOK NUMBER
International Standard Book Number 0750308982 (set)
020 ## - INTERNATIONAL STANDARD BOOK NUMBER
International Standard Book Number 0750304324 (v. 1)
020 ## - INTERNATIONAL STANDARD BOOK NUMBER
International Standard Book Number 0750308974 (v. 2)
040 ## - CATALOGING SOURCE
Original cataloging agency DLC
Transcribing agency DLC
050 00 - LIBRARY OF CONGRESS CALL NUMBER
Classification number TK7872.S8
Item number H356 2003
082 ## - DEWEY DECIMAL CLASSIFICATION NUMBER
Edition number 22
Classification number 621.35
Item number HAN
245 00 - TITLE STATEMENT
Title Handbook of superconducting materials,V1. /
Statement of responsibility, etc edited by David A. Cardwell and David W. Ginley.
260 ## - PUBLICATION, DISTRIBUTION, ETC. (IMPRINT)
Place of publication, distribution, etc Bristol ;
-- Philadelphia :
Name of publisher, distributor, etc Institute of Physics Pub.,
Date of publication, distribution, etc c2003.
300 ## - PHYSICAL DESCRIPTION
Extent 2 v. :
Other physical details ill. ;
Dimensions 25 cm.
500 ## - GENERAL NOTE
General note Including index.
504 ## - BIBLIOGRAPHY, ETC. NOTE
Bibliography, etc Includes bibliographical references and index.
505 0# - FORMATTED CONTENTS NOTE
Formatted contents note v. 1. Supercondictivity, materials, and processes -- v. 2. Characterization, applications, and cryogenics.
650 #0 - SUBJECT ADDED ENTRY--TOPICAL TERM
Topical term or geographic name as entry element Electronics
General subdivision Materials
Form subdivision Handbooks, manuals, etc.
9 (RLIN) 5679
650 #0 - SUBJECT ADDED ENTRY--TOPICAL TERM
Topical term or geographic name as entry element Superconductors
General subdivision Manufacture
Form subdivision Handbooks, manuals, etc.
9 (RLIN) 5680
650 #0 - SUBJECT ADDED ENTRY--TOPICAL TERM
Topical term or geographic name as entry element Superconductors
General subdivision Chemistry
Form subdivision Handbooks, manuals, etc.
9 (RLIN) 5681
650 #0 - SUBJECT ADDED ENTRY--TOPICAL TERM
Topical term or geographic name as entry element Superconductors
General subdivision Thermal properties
Form subdivision Handbooks, manuals, etc.
9 (RLIN) 5682
700 1# - ADDED ENTRY--PERSONAL NAME
Personal name Cardwell, David A.
9 (RLIN) 5683
700 1# - ADDED ENTRY--PERSONAL NAME
Personal name Ginley, D. S.
Fuller form of name (David S.)
9 (RLIN) 5684
942 ## - ADDED ENTRY ELEMENTS (KOHA)
Source of classification or shelving scheme Dewey Decimal Classification
Item type NB - Book (Non borrowing)
Holdings
Withdrawn status Item status Source of classification or shelving scheme Damaged status Not for loan Vendor Home library Current library Shelving location Date acquired Source of acquisition Cost, normal purchase price Serial Enumeration / chronology Total Checkouts Full call number Barcode Date last seen Koha item type
    Dewey Decimal Classification     Academic Bookshop Central Library Central Library First floor 31/05/2009   2673.00 384   621.35 HAN 000016169 15/07/2025 NB - Book (Non borrowing)
    Dewey Decimal Classification     Academic Bookshop Central Library Central Library First floor 31/05/2009   2673.00 384   621.35 HAN 000016168 15/07/2025 NB - Book (Non borrowing)